Lógica para informáticos /

Đã lưu trong:
Chi tiết về thư mục
Những tác giả chính: Farré Cirera, Rafel (Tác giả), Nieuwenhuis, Robert (Tác giả), Nivela Alós, Pilar (Tác giả), Oliveras Llunell, Albert (Tác giả), Rodríguez Carbonell, Enric (Tác giả), Sierra Santibáñez, Josefina (Tác giả)
Định dạng: Điện tử eBook
Ngôn ngữ:Tiếng Tây Ban Nha
Được phát hành: Barcelona : Marcombo, 2011.
Những chủ đề:
Truy cập trực tuyến:Digitalia Hispánica
Các nhãn: Thêm thẻ
Không có thẻ, Là người đầu tiên thẻ bản ghi này!

MARC

LEADER 00000nam a2200000Ii 4500
001 DIGMARCOM0089
003 NyNyDIG
008 140725s2011 sp o 000 0 spa d
006 m o d
007 cr |||||||||||
040 |a DGITA  |b eng  |e rda  |e pn  |c DGITA 
020 |z 9788426716941 
020 |z 8426716946 
050 1 4 |a QA9 ebook 
100 1 |a Farré Cirera, Rafel,  |e author. 
245 1 0 |a Lógica para informáticos /  |c Rafel Farré Cirera, Robert Nieuwenhuis, Pilar Nivela Alós, Albert Oliveras Llunell, Enric Rodríguez Carbonell, Josefina Sierra Santibáñez. 
264 1 |a Barcelona :  |b Marcombo,  |c 2011. 
300 |a 1 online resource (XII, 206 pages) 
336 |a text  |b txt  |2 rdacontent 
337 |a computer  |b c  |2 rdamedia 
338 |a online resource  |b cr  |2 rdacarrier 
588 |a Description based on online resource; title from PDF title page (Digitalia, viewed July 25, 2014) 
650 0 |a Logic, Symbolic and mathematical. 
655 0 |a Electronic books. 
700 1 |a Nieuwenhuis, Robert,  |e author. 
700 1 |a Nivela Alós, Pilar,  |e author. 
700 1 |a Oliveras Llunell, Albert,  |e author. 
700 1 |a Rodríguez Carbonell, Enric,  |e author. 
700 1 |a Sierra Santibáñez, Josefina,  |e author. 
791 2 |a Digitalia (Firm),  |e distributor. 
793 0 |g Digitalia eBook Collection:   |a Marcombo. 
776 0 8 |i Print version:  |t Lógica para informáticos.  |d Barcelona : Marcombo, 2011  |z 9788426716941 
856 4 0 |3 Digitalia Hispánica  |u https://digitalia.unach.elogim.com/a/17240/